| 000 | 00778nam a22002177a 4500 | ||
|---|---|---|---|
| 999 |
_c11487 _d11483 |
||
| 003 | AR-BaUME | ||
| 005 | 20220407112358.0 | ||
| 008 | 200228b ||||| |||| 00| 0 spa d | ||
| 020 | _a9789874439086 | ||
| 040 |
_aUMET Biblioteca _bspa _cUMET Biblioteca |
||
| 100 |
_92726 _aBohoslavsky, Juan Pablo |
||
| 245 |
_aEl impacto de las reformas ecnoómicas y las medidas de austeridad sobre los derechos de las mujeres / _cJuan Pablo Bohoslavsky |
||
| 260 |
_aBuenos Aires : _bFriedrich Ebert Stiftung, _c2018. |
||
| 300 |
_a34 pag. : _c30 cm. |
||
| 650 | 0 |
_aFeminismo _98851 |
|
| 650 | 0 |
_apolíticas de género _913317 |
|
| 650 |
_aDesigualdades estructurales _919852 |
||
| 650 |
_aDesigualdad económica _919853 |
||
| 650 | 0 |
_aIgualdad de género _93585 |
|
| 942 |
_2udc _cLIBRO |
||